Normal view
MARC view
- Koutroumbas, Konstantinos,
Entry Personal Name
001 - CONTROL NUMBER
- control field: 94272
003 - CONTROL NUMBER IDENTIFIER
- control field: NUST
005 - DATE AND TIME OF LATEST TRANSACTION
- control field: 20220721104513.0
008 - FIXED-LENGTH DATA ELEMENTS
- fixed length control field: 220721|| aca||aabn | a|a d
040 ## - CATALOGING SOURCE
- Original cataloging agency: NUST
- Transcribing agency: NUST
100 ## - HEADING--PERSONAL NAME
- Personal name: Koutroumbas, Konstantinos,
- Dates associated with a name: 1967-
670 ## - SOURCE DATA FOUND
- Source citation: Work cat.: (NUST)174792: Theodoridis, Sergios, 89262, Pattern recognition /, c1999.
